แสดงรายละเอียดบรรณานุกรม
  กลับหน้าหลัก

Brief Record : Get Marc (ISO 2709) : E-mail record : QR code ปิดหน้าต่าง
LEADER 00000nama 2200000uu 4500
001    190259
003     ULIBM
008    040531s2545 th m m a000 0 tha d
020    974-89514-6-4
041    eng
050    อ PE1449 ศ371 2545
100    รีดเดอร์ส ไดเจสท์
245    ศาสตร์แห่งศัพท์ภาษาอังกฤษ 002
246    ภาษาอังกฤษ - คำศัพท์ - หนังสืออ้างอิง
250    2
260    กรุงเทพฯ รีดเดอร์ส ไดเจสท์ 2545
300    887 หน้า
650    ศัพท์ภาษาอังกฤษ - หนังสืออ้างอิง
998    2004-05-10
999    ^aใช้งานได้ทุกระบบ
รายการนี้ยังไม่มีแท็ก
คุณยังไม่ได้ล็อกอิน คุณสามารถมีกิจกรรมร่วมกับเว็บไซต์ได้ แต่ต้องล็อกอินก่อน ::
  ล็อกอิน
ลำดับที่ ประเภท เลขเรียก สถานที่ สถานะ
1. หนังสือทั่วไป
หนังสือทั่วไป
อ PE1449 ศ371 2545  
  
ชั้นหนังสืออ้างอิง On Shelf
   [แสดง 1/1 รายการ]

BibComment


ยังไม่เคยถูกคอมเมนท์

คอมเมนท์ทรัพยากรรายการนี้
  คอมเมนท์: ศาสตร์แห่งศัพท์ภา..
Bib 190259

 
 
 

 Union Library Management : ULibM
Copyright 2026. All Rights Reserved.
скачать бесплатно без регистрации порно красивый секс HD Sex Hindi sex

xxx gou

xxxx

bfxxx

xxxwww

Секса Видео

xxxx

Секса Видео

detube

geilexxx

C99 Shell

worms shell

blod xxx video
Ebony Coed Rihanna Rimes Takes A Dick In Her Young Twat priyaa indian fuck anal and pusssy hardcore indian women xxx desi hardcore fucking part 1 bengalixxxcouple